| 000 | 00518nam a2200181 i 4500 | ||
|---|---|---|---|
| 001 | 70696 | ||
| 003 | ES-MaACL | ||
| 005 | 20230906170906.0 | ||
| 007 | t| | ||
| 008 | 040802s1973 sp ||||1| spa d | ||
| 100 | 1 |
_aGarratt, P. J. _955642 |
|
| 245 | 1 | 0 |
_aAromaticidad / _cP.J. Garratt ; versión, Carlos Montuenga. |
| 250 | _a[1ª ed.]. | ||
| 260 |
_aMadrid, etc. : _bAlhambra, _c[1973] |
||
| 300 |
_aVIII, 264 p. : _bil. ; _c20 cm. |
||
| 700 | 1 |
_aMontuenga, Carlos. _982755 |
|
| 852 |
_aES-MaACL _jC-56030 _bR.88665 |
||
| 999 |
_c70696 _d70696 |
||